[Event "SRB Central-chT qual"]
[Site "Nis"]
[Date "2014.10.03"]
[Round "3"]
[White "Filipovic, Slobodan M"]
[Black "Miljkovic, Mihajlo"]
[Result "1/2-1/2"]
[WhiteElo "2156"]
[BlackElo "2263"]
[PlyCount "29"]
[EventDate "2014.10.02"]
[EventType "team-tourn"]
[EventRounds "7"]
[EventCountry "SRB"]
[SourceTitle "CBM 163 Extra"]
[Source "ChessBase"]
[SourceDate "2014.12.23"]
[SourceVersion "1"]
[SourceVersionDate "2014.12.23"]
[SourceQuality "1"]

1. e4 c5 2. Nf3 Nc6 3. d4 cxd4 4. Nxd4 Qc7 5. Nc3 e6 6. g3 a6 7. Bg2 Nf6 8. 0-0 Bc5 9. Nb3 Ba7 10. a4 Ne5 11. Bh3 d6 12. Kh1 Nc4 13. Qe2 Bd7 14. f4 Rc8 15. e5 1/2-1/2

[Event "SRB-chT2 South"]
[Site "Nis"]
[Date "2013.10.20"]
[Round "6.4"]
[White "Savic, Ivan"]
[Black "Filipovic, Slobodan M"]
[Result "1/2-1/2"]
[WhiteElo "2049"]
[BlackElo "2166"]
[PlyCount "34"]
[EventDate "2013.10.17"]
[EventType "team-swiss"]
[EventRounds "8"]
[EventCountry "SRB"]
[SourceTitle "EXT 2015"]
[Source "ChessBase"]
[SourceDate "2014.11.20"]
[SourceVersion "1"]
[SourceVersionDate "2014.11.20"]
[SourceQuality "1"]

1. e4 e5 2. Nf3 Nc6 3. Bb5 Nf6 4. d3 d6 5. h3 Be7 6. 0-0 0-0 7. Be3 a6 8. Bxc6 bxc6 9. Nbd2 c5 10. Nh2 Be6 11. f4 exf4 12. Bxf4 Nd7 13. Ng4 Bg5 14. Bxg5 Qxg5 15. Nf3 Bxg4 16. Nxg5 Bxd1 17. Raxd1 Ne5 1/2-1/2

[Event "SRB-chT2 South"]
[Site "Nis"]
[Date "2013.10.18"]
[Round "2.3"]
[White "Filipovic, Slobodan M"]
[Black "Grkovic, Vladan"]
[Result "1/2-1/2"]
[WhiteElo "2166"]
[BlackElo "2205"]
[PlyCount "43"]
[EventDate "2013.10.17"]
[EventType "team-swiss"]
[EventRounds "8"]
[EventCountry "SRB"]
[SourceTitle "EXT 2014"]
[Source "ChessBase"]
[SourceDate "2013.11.20"]
[SourceVersion "1"]
[SourceVersionDate "2013.11.20"]
[SourceQuality "1"]

1. e4 e6 2. d4 d5 3. Nd2 Nf6 4. e5 Nfd7 5. Bd3 c5 6. c3 Nc6 7. Ne2 cxd4 8. cxd4 f6 9. exf6 Nxf6 10. Nf3 Bd6 11. 0-0 Qc7 12. Nc3 a6 13. Bg5 0-0 14. Bh4 g6 15. Bg3 Nh5 16. Rc1 Bf4 17. Rc2 Qg7 18. Ne2 Nxg3 19. hxg3 Bh6 20. a3 Bd7 21. b4 Qf6 22. Qb1 1/2-1/2

[Event "SRB-chT2 South"]
[Site "Nis"]
[Date "2013.10.17"]
[Round "1.4"]
[White "Filipovic, Slobodan M"]
[Black "Kalajdzic, Zoran"]
[Result "1/2-1/2"]
[WhiteElo "2166"]
[BlackElo "1838"]
[PlyCount "80"]
[EventDate "2013.10.17"]
[EventType "team-swiss"]
[EventRounds "8"]
[EventCountry "SRB"]
[SourceTitle "EXT 2014"]
[Source "ChessBase"]
[SourceDate "2013.11.20"]
[SourceVersion "1"]
[SourceVersionDate "2013.11.20"]
[SourceQuality "1"]

1. e4 d5 2. exd5 Qxd5 3. Nc3 Qa5 4. d4 Nf6 5. Nf3 Nc6 6. d5 Nb4 7. Bb5+ c6 8. dxc6 bxc6 9. Ba4 Bd7 10. 0-0 e6 11. a3 Nbd5 12. Nxd5 cxd5 13. Bxd7+ Nxd7 14. Qe2 Be7 15. Bg5 h6 16. Bxe7 Kxe7 17. c4 dxc4 18. Rac1 Rac8 19. Rxc4 Rxc4 20. Qxc4 Qc5 21. Rc1 Qxc4 22. Rxc4 Rb8 23. b4 Kd6 24. Kf1 Rb7 25. Ke2 Nf6 26. Rc5 Nd5 27. Kd2 f6 28. g3 Rc7 29. Rxc7 Nxc7 30. Kd3 e5 31. Kc4 g5 32. h4 g4 33. Nd2 f5 34. a4 Nd5 35. a5 e4 36. b5 e3 37. fxe3 Nxe3+ 38. Kd4 Nc2+ 39. Kc3 Ne3 40. Kd4 Nc2+ 1/2-1/2